Diccionario español-francés

Bewaard in:
Bibliografische gegevens
Hoofdauteur: Martínez Amador, Emilio María (autor)
Formaat: Boek
Taal:Spaans
Frans
Gepubliceerd in: Barcelona Ramón Sopena 1957
Onderwerpen:
Tags: Voeg label toe
Geen labels, Wees de eerste die dit record labelt!

MARC

LEADER 00000nam a2200000 a 4500
001 UCZ8231
003 CL-VaPUC
008 960119e19570000SP |||||||||||||||||spa|d
041 0 7 |a spa  |2 CL-VaPUC 
041 0 7 |a fre  |2 CL-VaPUC 
082 0 4 |a 463.41  |b MAR  |2 21 
100 |a Martínez Amador, Emilio María  |e autor  |9 557086 
245 1 0 |a Diccionario español-francés 
246 1 0 |a Dictionnaire Espagnol-Francais 
300 |a 982 p 
942 |c BK 
945 |d 19960119 00:00:00  |a rleighto 
260 |a Barcelona  |b Ramón Sopena  |c 1957 
650 0 |a Diccionarios  |9 256200 
650 0 |a Español  |9 255372 
650 7 |a FRANCES  |2 CL-VaPUC  |9 259059 
583 |a last modification  |c 19960119 00:00:00  |k Rodrigo Vera 
999 |c 244169  |d 244167 
952 |0 0  |1 0  |4 0  |6 463_410000000000000_MAR_1957  |7 0  |8 X  |9 258143  |a BIBEDU  |b BIBEDU  |d 2019-11-19  |i 3165108  |l 1  |o 463.41 MAR 1957  |p 3165108  |r 2023-01-13  |s 2022-05-26  |w 2019-11-19  |y BK_X  |k LIT